000 00336nam a2200133Ia 4500
005 20260328104255.0
008 260328s9999||||xx |||||||||||||| ||und||
100 _aOrtíz Macedo, Luis
245 0 _aEl Arte Neoclásico En México /
_cLuis Ortíz Macedo
260 _bMiguel Hidalgo
300 _a279 p.
650 _aARTE
942 _cBK
999 _c10384
_d10384